[Event "BIH-chTA 27th"]
[Site "Lukavac"]
[Date "2020.11.02"]
[Round "6.3"]
[White "Mujagic, Muhamed"]
[Black "Nuhic, Amir"]
[Result "1-0"]
[WhiteElo "1931"]
[BlackElo "2160"]
[PlyCount "63"]
[EventDate "2020.10.30"]
[EventType "team-tourn"]
[EventRounds "9"]
[EventCountry "BIH"]
[SourceTitle "CBM 199 Extra"]
[Source "ChessBase"]
[SourceDate "2021.01.31"]
[SourceVersion "1"]
[SourceVersionDate "2021.01.31"]
[SourceQuality "1"]
[WhiteTeam "Srebrenik"]
[BlackTeam "Cazin Ljiljan"]
[WhiteTeamCountry "BIH"]
[BlackTeamCountry "BIH"]

1. e4 e5 2. Nf3 Nc6 3. d4 exd4 4. Nxd4 Nf6 5. Nxc6 bxc6 6. e5 Qe7 7. Qe2 Nd5 8. c4 Ba6 9. b3 g6 10. Ba3 Nb4 11. f4 Bg7 12. Qd2 Rb8 13. Bd3 0-0 14. 0-0 f6 15. Bxb4 Rxb4 16. exf6 Bxf6 17. Nc3 d5 18. Rac1 dxc4 19. Bxc4+ Bxc4 20. bxc4 Rd8 21. Qe1 Qc5+ 22. Kh1 Qxc4 23. Nd5 cxd5 24. Rxc4 Rxc4 25. Qe3 Kg7 26. g4 Re4 27. Qxa7 Rd7 28. g5 Bc3 29. Qc5 d4 30. f5 Re3 31. fxg6 hxg6 32. Qf8+ 1-0

[Event "BIH-chT2"]
[Site "Bosna"]
[Date "2017.08.26"]
[Round "3.2"]
[White "Mujagic, Muhamed"]
[Black "Miladinovic, Zlatko"]
[Result "0-1"]
[WhiteElo "1977"]
[BlackElo "2079"]
[PlyCount "86"]
[EventDate "2017.08.25"]
[EventType "team-tourn"]
[EventRounds "9"]
[EventCountry "BIH"]
[SourceTitle "EXT 2019"]
[Source "ChessBase"]
[SourceDate "2018.10.10"]
[SourceVersion "1"]
[SourceVersionDate "2018.10.10"]
[SourceQuality "1"]

1. e4 c5 2. Nf3 Nc6 3. d4 cxd4 4. Nxd4 Nf6 5. Nc3 e5 6. Ndb5 d6 7. Bg5 a6 8. Bxf6 gxf6 9. Na3 b5 10. Nd5 f5 11. Bd3 Be6 12. c4 Bxd5 13. exd5 Nd4 14. cxb5 Bg7 15. bxa6 Qa5+ 16. Qd2 Qxd5 17. f3 Qe6 18. Nb5 Rc8 19. 0-0 Bh6 20. Qb4 Be3+ 21. Kh1 Ke7 22. Rfe1 f4 23. Nxd4 exd4 24. Qb7+ Kf6 25. a7 d5 26. b4 Rhg8 27. Qa6 Qxa6 28. Bxa6 Ra8 29. Bd3 Bd2 30. Re2 Bxb4 31. Rb1 Bc5 32. Bxh7 Rh8 33. Bd3 Rxa7 34. Rc2 Ra3 35. Rxc5 Rxd3 36. Rxd5 Rb8 37. Rc1 Rb2 38. h4 Rdd2 39. Rc6+ Ke7 40. Rc4 d3 41. Rc3 Rd1+ 42. Kh2 Rbb1 43. Kh3 d2 0-1

[Event "BIH-chT1A 22nd"]
[Site "Tuzla"]
[Date "2015.10.20"]
[Round "8.1"]
[White "Mujagic, Muhamed"]
[Black "Miladinovic, Zlatko"]
[Result "0-1"]
[WhiteElo "1963"]
[BlackElo "2033"]
[PlyCount "130"]
[EventDate "2015.10.16"]
[EventType "tourn"]
[EventRounds "9"]
[EventCountry "BIH"]
[SourceTitle "CBM 169 Extra"]
[Source "ChessBase"]
[SourceDate "2015.12.18"]
[SourceVersion "1"]
[SourceVersionDate "2015.12.18"]
[SourceQuality "1"]

1. e4 c5 2. Nf3 Nc6 3. d4 cxd4 4. Nxd4 Nf6 5. Nc3 e5 6. Ndb5 d6 7. Bg5 a6 8. Bxf6 gxf6 9. Na3 f5 10. Bc4 Qg5 11. g3 Be6 12. Bd5 Be7 13. Nc4 Rd8 14. h4 Qg4 15. Qxg4 fxg4 16. 0-0-0 0-0 17. Ne3 h5 18. a3 Rd7 19. Ne2 Bd8 20. Rhf1 Bb6 21. Nc4 Bc7 22. Rd2 Bxd5 23. Rxd5 f5 24. Nc3 b5 25. Ne3 Ne7 26. Rdd1 f4 27. Ned5 Nxd5 28. Nxd5 Bb8 29. Kd2 Rdf7 30. Ke2 Kg7 31. Nb4 a5 32. Nd3 fxg3 33. fxg3 Rf3 34. Rxf3 Rxf3 35. Rg1 Ba7 36. Rg2 Re3+ 37. Kd2 Rxe4 38. Re2 Rxe2+ 39. Kxe2 Kf6 40. b3 Kf5 41. c3 Ke4 42. Nb2 d5 43. a4 bxa4 44. bxa4 Bc5 45. Nd3 Bg1 46. Nb2 Bc5 47. Nd3 Bb6 48. Nb2 Kf5 49. Nd1 e4 50. Nb2 Ke5 51. Nd1 Kd6 52. Kd2 d4 53. Nb2 Kc5 54. cxd4+ Kxd4 55. Nd1 Kc4 56. Nc3 e3+ 57. Kc2 Bc7 58. Ne2 Be5 59. Kd1 Kd3 60. Ke1 Ke4 61. Kf1 Kf3 62. Ng1+ Kxg3 63. Ke2 Bf4 64. Kd3 Kf2 65. Ne2 Be5 0-1